The History of Ireland Quiz II - Statistics

General Stats
  • This quiz has been taken 18 times
  • The average score is 11 of 25
Answer Stats
Hint Answer % Correct
These people from Scandinavia came to Ireland in 795. Vikings
94%
This famous Irish beer began being brewed in 1759. Guinness
88%
100,000 Irishmen served in the British army during this war, fought from 1914 to 1918. World War 1
71%
This town in County Louth was brutally sacked by Cromwell in 1649. Drogheda
65%
A legendary comedy sitcom about three priests that aired from 1995 to 1998. Father Ted
59%
Elected in 1960, this Irish-American became the first Catholic president of the United States. What was his name? John F Kennedy
59%
Which British aristocrat was assassinated by the IRA in 1979? Lord Mountbatten
59%
Which Irish singer famously tore up a portrait of Pope John Paul II on live television? Sinéad O'Connor
59%
What was legalised in the Republican of Ireland by a referendum in 2015? Gay marriage
53%
Who was Ireland's first female president, elected in 1990? Mary Robinson
53%
This powerful family ruled a large part of Ulster until the Tudor conquests in the 17th century. O'Neill
53%
In 1690, William of Orange won the largest battle ever fought on Irish soil. What was the battle called? Battle of the Boyne
47%
This man persuaded Germany to send 20,000 guns to Ireland for the planned Easter Rising. What was his name? Roger Casement
47%
This priest class in ancient Ireland functioned as priests, lawyers, doctors and political advisors. They passed down all their knowledge orally. Druids
41%
This centre-right political party was founded in 1933. Fine Gael
41%
Ireland gained semi-independence through the Anglo-Irish Treaty in 1921. What was this new state called? Irish Free State
35%
Which Northern Irish politician won the Nobel Peace Prize in 1998 for his work in bringing an end to the Troubles? John Hume
35%
One of three Irish patron saints, she's said to have founded a monastery in Kildare. What was her name? Saint Brigid
35%
Which Monty Python film was censored in Ireland for blasphemy? Life of Brian
29%
A series of laws restricting the rights and freedoms of Catholics in Ireland. Penal Laws
24%
Which medieval kingdom was sometimes considered a "fifth province" of Ireland? Meath
18%
This famous British general was born in Dublin but didn't consider himself Irish. He defeated Napoleon at Waterloo. Arthur Wellesly
12%
What was the second world war referred to as in Ireland? The Emergency
12%
Which Irish fascist organised a group of men to fight in the Spanish Civil War? Eoin O'Duffy
6%
A word for the domination of the church in post-independence Ireland. Theocracy
0%
No matching quizzes found
Score Distribution
Percent of People with Each Score
Percentile by Number Answered
Your Score History
You have not taken this quiz